Normal view
MARC view
Entry Personal Name
001 - CONTROL NUMBER
- control field: 43972
003 - CONTROL NUMBER IDENTIFIER
- control field: dpl
005 - DATE AND TIME OF LATEST TRANSACTION
- control field: 20120320113935.0
008 - FIXED-LENGTH DATA ELEMENTS
- fixed length control field: 120320|||a|||||| | ||| d
040 ## - CATALOGING SOURCE
- Original cataloging agency: dpl
- Transcribing agency: dpl
100 ## - HEADING--PERSONAL NAME
- Personal name: बधेका, गिजुभाई
670 ## - SOURCE DATA FOUND
- Source citation: Work cat.: (dpl): बधेका, गिजुभाई, बाल-शिक्षण जैसा मैंने समझा /, 2000
670 ## - SOURCE DATA FOUND
- Source citation: Work cat.: (dpl): बधेका, गिजुभाई, बाल-शिक्षण जैसा मैंने समझा /, 2000
